|
|
|
|
| LEADER |
01222nam a22003014a 4500 |
| 001 |
16888 |
| 003 |
BD-DhAAL |
| 005 |
20141107162021.0 |
| 008 |
141107s2007 bg a b 001 0 eng |
| 010 |
|
|
|a 2008331052
|
| 020 |
|
|
|a 9847001900011
|
| 025 |
|
|
|a B-E-2008-331052; 23; 27
|
| 040 |
|
|
|a DLC
|c DLC
|d DLC
|d BD-DhAAL
|
| 050 |
0 |
0 |
|a JQ637.9.W66
|b P55 2007
|
| 082 |
0 |
0 |
|a 328.54920082
|2 22
|
| 100 |
1 |
|
|a Phiroja, Jālāla.
|9 5953
|
| 245 |
1 |
0 |
|a Women in Bangladesh Parliament :
|b a study on opinions of the women MPs /
|c Jalal Firoj.
|
| 260 |
|
|
|a Dhaka :
|b A.H. Development Pub. House :
|b Distributor in India, Paragon Enterprise,
|c 2007.
|
| 300 |
|
|
|a 90 p. :
|b ill. ;
|c 22 cm.
|
| 504 |
|
|
|a Includes bibliographical references (p. [87]-88) and index.
|
| 541 |
|
|
|e 16888
|
| 610 |
1 |
0 |
|a Bangladesh.
|b Jātīẏa Saṃsada.
|9 5954
|
| 650 |
|
0 |
|a Women legislators
|z Bangladesh
|x Attitudes.
|9 5955
|
| 650 |
|
0 |
|a Women
|x Political activity
|z Bangladesh.
|9 5956
|
| 650 |
|
0 |
|a Public opinion
|z Bangladesh.
|9 5957
|
| 942 |
|
|
|2 ddc
|c BK
|
| 999 |
|
|
|c 33016
|d 33016
|
| 952 |
|
|
|0 0
|1 0
|2 ddc
|4 0
|6 328_549200820000000_PHI
|7 0
|9 43996
|a IGS
|b IGS
|c GEN
|d 2014-11-07
|e Atlas Development Publishing
|g 200.00
|l 0
|o 328.54920082 PHI
|p 3010016888
|r 2014-11-07
|t 1
|w 2014-11-07
|y BK
|